| 000 | 00434nam a2200181Ia 4500 | ||
|---|---|---|---|
| 001 | 9428 | ||
| 005 | 20260306161717.0 | ||
| 008 | 260306t2005||||xx |||||||||||||| ||spa|| | ||
| 041 | _aESP | ||
| 082 |
_a378.946 _bU61 |
||
| 100 |
_aUniversidad de Sevilla _eAUT |
||
| 245 | 0 | _aLa Universidad de Sevilla 1505-2005 | |
| 260 | _c2005 | ||
| 300 |
_a427 páginas : _c28 cm. |
||
| 650 | _aGEN | ||
| 654 | _aCED | ||
| 942 |
_cLIB _dJUS _fJUS _2ddc _n |
||
| 999 |
_c9428 _d9428 |
||